| 000 | 00498nab a22001457 4500 | ||
|---|---|---|---|
| 003 | ES-SlBC | ||
| 005 | 20210327223942.0 | ||
| 008 | 130710s2008 spa||||| |||| 00| 0 spa d | ||
| 040 |
_aES-SlBC _bspa |
||
| 041 | _aspa | ||
| 100 | 1 |
_aMartínez Miguélez, Miguel _970053 |
|
| 245 | 1 | 0 |
_aSobre la armonía del universo _b: Convergencia de la ciencia, la estética y la ética _cMartínez M. Miguel |
| 773 | 0 |
_gAño 29, núm. 56/57, 2008/2010, págs. 39-64 _tAnthropos _wRev38 _x0254-1629 |
|
| 942 |
_2lcc _cAR |
||
| 999 |
_c423397 _d423397 |
||